00355nam a22001337a 4500003000900000005001700009008004100026040003300067080001100100100001900111245001900130260003900149300003300188LK-CoDNM20240910105049.0240910b |||||||| |||| 00| 0 eng d aLK-CoDNMdLK-CoDNMeLK-CoDNM a6bD24 aFerguson, John aCeylon in 1903 aColombobFerguson, A.M. & J.c1903 bclxxxvi, 159p. : ill ; 22 cm